Cities Closest to New York City - Statistics

General Stats
  • This quiz has been taken 13 times
  • The average score is 6 of 15
Answer Stats
mi Answer km % Correct
97 Philadelphia 156
92%
6 Jersey City 9
85%
13 Newark (New Jersey) 20
77%
81 New Haven 130
69%
126 Atlantic City 202
54%
4 Hoboken 6
46%
85 Poughkeepsie 136
38%
36 New Brunswick 57
31%
52 Princeton (New Jersey) 83
31%
60 West Point (New York) 96
23%
38 Huntington 61
15%
94 Hyde Park 151
15%
39 North Brunswick 62
15%
108 Woodstock (New York) 173
15%
32 Tarrytown 51
8%
No matching quizzes found
Score Distribution
Percent of People with Each Score
Percentile by Number Answered
Your Score History
You have not taken this quiz